The works of Jane Austen : (Record no. 82555)
[ view plain ]
| 000 -LEADER | |
|---|---|
| fixed length control field | 00974cam a2200265 a 4500 |
| 001 - CONTROL NUMBER | |
| control field | 82555 |
| 003 - CONTROL NUMBER IDENTIFIER | |
| rucl marc code | BD-RjUL |
| 005 - DATE AND TIME OF LATEST TRANSACTION | |
| control field | 20231227121439.0 |
| 008 - FIXED-LENGTH DATA ELEMENTS--GENERAL INFORMATION | |
| fixed length control field | 231227s1954 enk 000 0 eng d |
| 035 ## - SYSTEM CONTROL NUMBER | |
| System control number | [BD-RjUL]82555 |
| 040 ## - CATALOGING SOURCE | |
| Original cataloging agency | ANL |
| Language of cataloging | eng |
| Transcribing agency | ANL |
| Modifying agency | NU |
| 041 ## - LANGUAGE CODE | |
| Language code of text/sound track or separate title | eng |
| 082 04 - DEWEY DECIMAL CLASSIFICATION NUMBER | |
| Classification number | 823.7 |
| Edition number | 23 |
| Author mark and year | AUW 1954 |
| 100 1# - MAIN ENTRY--PERSONAL NAME | |
| Personal name | Austen, Jane, |
| Dates associated with a name | 1775-1817. |
| 9 (RLIN) | 10738 |
| 245 14 - TITLE STATEMENT | |
| Title | The works of Jane Austen : |
| Remainder of title | ... minor works / |
| Statement of responsibility, etc. | now first collected and edited from the manuscripts by R. W. Chapman ; with illustrations from contemporary sources. |
| 260 ## - PUBLICATION, DISTRIBUTION, ETC. (IMPRINT) | |
| Place of publication, distribution, etc. | London : |
| Name of publisher, distributor, etc. | Oxford University Press, |
| Date of publication, distribution, etc. | 1954. |
| 300 ## - PHYSICAL DESCRIPTION | |
| Pagination | V.; [viii, 474] p. : |
| Illustrations | 5 plates ; |
| Size | 19 cm. |
| 490 0# - SERIES STATEMENT | |
| Series statement | The Oxford illustrated Jane Austen |
| 500 ## - GENERAL NOTE | |
| General note | Printer: Charles Batey. |
| General note | This volume, vol. VI, and the last are the only volumes in the D.N.S. collection. |
| 504 ## - BIBLIOGRAPHY, ETC. NOTE | |
| Bibliography, etc | Vol. vi. minor works |
| 600 ## - SUBJECT ADDED ENTRY--PERSONAL NAME | |
| Personal name | Austen, Jane |
| 700 1# - ADDED ENTRY--PERSONAL NAME | |
| Personal name | Chapman, Robert William, |
| Dates associated with a name | 1881- |
| 942 ## - ADDED ENTRY ELEMENTS (KOHA) | |
| Source of classification or shelving scheme | Dewey Decimal Classification |
| Koha item type | Books |
| Lost status | Source of classification or shelving scheme | Damaged status | Not for loan | Collection code | Permanent Location | Current Location | Shelving location | Date acquired | Source of acquisition | Cost, normal purchase price | Total Checkouts | Full call number | Date last seen | Copy number | Koha item type |
|---|---|---|---|---|---|---|---|---|---|---|---|---|---|---|---|
| Dewey Decimal Classification | Not For Loan | Non-fiction | Central Library, University of Rajshahi | Central Library, University of Rajshahi | Reading Room | 08/08/1955 | OUP | 10.80 | 823.7 AUW 1954 | 27/12/2023 | C-1 | Books |